| 000 | 00836cam a2200241 a 4500 | ||
|---|---|---|---|
| 999 |
_c5900 _d5900 |
||
| 001 | 4271 | ||
| 003 | BD-DhUAP | ||
| 005 | 20201224100154.0 | ||
| 008 | 201222s1997 cau b 001 0 eng | ||
| 010 | _a 96032707 | ||
| 020 | _a0787903256 | ||
| 040 |
_aDLC _cDLC _dBD-DhUAP _beng |
||
| 082 | 0 | 0 |
_a658.31244 GAL _223 |
| 100 | 1 | _aGallos, Joan V. | |
| 245 | 1 | 0 |
_aTeaching diversity : _blistening to the soul, speaking from the heart / _cJoan V. Gallos, and V. Jean Ramsey. |
| 260 |
_aSan Francisco, Calif. : _bJossey-Bass Publishers, _cc1997. |
||
| 300 |
_axxvii, 274 pages ; _c24 cm. |
||
| 490 | _aThe Jossey-Bass business & management series. | ||
| 504 | _aIncludes bibliographical references (p. 239-241) and indexes. | ||
| 650 | 0 |
_aDiversity in the workplace _xStudy and teaching. |
|
| 700 | 1 | _aRamsey, V. Jean. | |
| 942 |
_2ddc _cBK |
||